Clic Quel animal est ce personnage de Disney ? (1) - Statistiques

Statistiques générales
  • Ce quiz a été pris 147 fois
  • Le résultat moyen est 12 sur 40
Statistiques - réponses
Hint Explanation Réponse % Correct
Bourriquet Cartoons Ane
89%
Panpan Bambi Lapin
77%
Zizi Duck Cartoons Canard
76%
Dumbo Dumbo Eléphant
76%
Winnie Les aventures de Winnie l'Ourson Ours
76%
Della Duck Cartoons Canard
72%
Picsou Balthazar Cartoons Canard
71%
Iago Aladdin Perroquet
64%
Fifi Cartoons Canard
63%
Sarabi Le roi Lion Lion
60%
Rajah Aladdin Tigre
60%
Belle Marianne Robin des Bois Renard
57%
Flash Slothmore Zootopie Paresseux
47%
Leodore Lionheart Zootopie Lion
46%
Amélia Jacasse Les Aristochats Oie
33%
Mme Otterton Zootopie Loutre
27%
Evinrude Les aventures de Bernard et Bianca Libellule
26%
Big Mama Rox et Rouky Chouette
24%
Abigaëlle Rox et Rouky Vache
24%
Major Cendrillon Cheval
16%
José Carioca Cartoons Perroquet
15%
Peter Moosebridge Zootopie Elan
12%
Joanna Bernard et Bianca au pays des kangourous Varan
12%
Junior (1967) Le livre de la jungle Eléphant
10%
Fru fru Zootopie Musaraigne
8%
Django Ratatouille Rat
8%
Jeb La ferme se rebelle Bouc
7%
Clarice Cartoons Ecureuil
7%
Krebbs Bernard et Bianca au pays des kangourous Koala
7%
Gus Glouton Cartoons Canard
6%
Larry (2016) Zootopie Loup
6%
Alexandre Pinocchio Ane
5%
Reine Les 101 dalmatiens Vache
4%
Frankie Bienvenue chez les Robinson Grenouille
3%
Pépé Cartoons Grillon
3%
Junior (2004) La ferme se rebelle Bison
2%
Panchito Pistolas Cartoons Coq
2%
Bent-Tail Cartoons Coyote
2%
Réùy Ratatouille Rat
2%
Bob La ferme se rebelle Taureau
2%
Aucun quiz correspondant
Distribution des résultats
% des personnes avec chaque résultat
Percentile par nombre de réponses
Votre historique - résultats
Vous n’avez pas pris ce quiz